1628 1360 1545 1124 1180 1683 1968 1197 1835 1447 1731 1638 1569 1422 1216 1492 1960 1861 1470 1162 1759 1919 1087 1839 1802 1415 1233 1674 1475 1877 1753 1535 1222 1218 1379 1343 1226 1865 1378 1235 1988 1711 1704 1023 1481 1870 1270 1948 1799 1184 1546 1316 1789 1084 1883 1346 1970 1091 1442 1853 1015 1158 1125 1778 1271 1102 1490 1589 1598 1445 1993 1351 1849 1637 1558 1214 1211 1860 1478 1260 1600 1566 1781 1368 1829 1859 1606 1784 1652 1745 1910 1784 1331 1457 1281 1559 1079 1972 1281 BCNSPRNW ULIB Ver.6.0+V

เปลี่ยนเป็นภาษาไทย

Change to English
 แสดงรายละเอียดบรรณานุกรม
  กลับหน้าหลัก

Brief Record : Get Marc (ISO 2709) : E-mail record : QR code < ปิดหน้าต่าง
LEADER : 00000nam 2200000uu 4500
001    13399126605
003     ULIB
008    190122s2561||||th 000 0 tha d
020    ^a9789745877412^c400
060  4 ^aWB115^bต367
245 00 ^aตำราอายุรศาสตร์ อาการวิทยา /^cคณาจารย์ภาควิชาอายุรศาสตร์ คณะแพทยศาสตร์ศิริราชพยาบาล มหาวิทยาลัยมหิดล ; บรรณาธิการ, อุดม คชินทร ... [และคนอื่นๆ]
250    ^aฉบับปรับปรุงใหม่พิมพ์เพิ่มเติมครั้งที่ 5
260    ^aกรุงเทพฯ :^bศุภวนิชการพิมพ์,^c2561
300    ^a344 หน้า :^bภาพประกอบ
650  2 ^aอายุรศาสตร์
700 0  ^aอุดม คชินทร,^eบรรณาธิการ
710 2  ^aมหาวิทยาลัยมหิดล.^bคณะแพทยศาสตร์ศิริราชพยาบาล.^bคณาจารย์ภาควิชาอายุรศาสตร์
945    ^p400^l0^i004813
945    ^p400^l0^i004812
945    ^p400^l0^i004811
945    ^p400^l0^i004810
945    ^p400^l0^i004814
999    ^aประนอม เกษจรัล
รายการนี้ยังไม่มีแท็ก
คุณยังไม่ได้ล็อกอิน คุณสามารถมีกิจกรรมร่วมกับเว็บไซต์ได้ แต่ต้องล็อกอินก่อน ::
  ล็อกอิน

รายการสื่อสารสนเทศ

ลำดับที่ ประเภท เลขเรียก/บาร์โค้ด สถานที่ สถานะ
1. วิทยาศาสตร์การแพทย์ และสุขภาพ
หนังสือสำรอง
สถานะ=หนังสือสำรอง
WB115 ต367 ฉ.1 
  Barcode: 004810
ห้องสมุดวิทยาเขตสวรรค์ประชารักษ์
►หนังสือทั่วไป
บนชั้น
2. วิทยาศาสตร์การแพทย์ และสุขภาพ
วิทยาศาสตร์การแพทย์ และสุขภาพ
WB115 ต367 ฉ.2 
  Barcode: 004811
ห้องสมุดวิทยาเขตสวรรค์ประชารักษ์
►หนังสือทั่วไป
บนชั้น
3. วิทยาศาสตร์การแพทย์ และสุขภาพ
วิทยาศาสตร์การแพทย์ และสุขภาพ
WB115 ต367 ฉ.3 
  Barcode: 004812
ห้องสมุดวิทยาเขตสวรรค์ประชารักษ์
►หนังสือทั่วไป
บนชั้น
4. วิทยาศาสตร์การแพทย์ และสุขภาพ
วิทยาศาสตร์การแพทย์ และสุขภาพ
WB115 ต367 ฉ.4 
  Barcode: 004813
ห้องสมุดวิทยาเขตสวรรค์ประชารักษ์
►หนังสือทั่วไป
บนชั้น
5. วิทยาศาสตร์การแพทย์ และสุขภาพ
วิทยาศาสตร์การแพทย์ และสุขภาพ
WB115 ต367 ฉ.5 
  Barcode: 004814
ห้องสมุดวิทยาเขตสวรรค์ประชารักษ์
►หนังสือทั่วไป
บนชั้น

รายการใกล้เคียง
    หัวเรื่อง [อายุรศาสตร์]

BibComment


ยังไม่เคยถูกคอมเมนท์

คอมเมนท์ทรัพยากรรายการนี้
  คอมเมนท์: ตำราอายุรศาสตร์ ..


 Copyright 2026. Bcnsprnw @Library